Normal view
MARC view
- The Supreme court in United States history
Entry Topical Term
001 - CONTROL NUMBER
- control field: 105225
003 - CONTROL NUMBER IDENTIFIER
- control field: NUST
005 - DATE AND TIME OF LATEST TRANSACTION
- control field: 20221219160034.0
008 - FIXED-LENGTH DATA ELEMENTS
- fixed length control field: 221219|| aca||aabn | a|a d
040 ## - CATALOGING SOURCE
- Original cataloging agency: NUST
- Transcribing agency: NUST
150 ## - HEADING--TOPICAL TERM
- Topical term or geographic name entry element: The Supreme court in United States history
670 ## - SOURCE DATA FOUND
- Source citation: Work cat.: (NUST)184792: Warren, Charles, 38246, The Supreme court in United States history /, 2007
